Normal view
MARC view
- Idg Books
Entry Personal Name
001 - CONTROL NUMBER
- control field: 76458
003 - CONTROL NUMBER IDENTIFIER
- control field: NUST
005 - DATE AND TIME OF LATEST TRANSACTION
- control field: 20210628205643.0
008 - FIXED-LENGTH DATA ELEMENTS
- fixed length control field: 210628|| aca||aabn | a|a d
040 ## - CATALOGING SOURCE
- Original cataloging agency: NUST
- Transcribing agency: NUST
100 ## - HEADING--PERSONAL NAME
- Personal name: Idg Books
670 ## - SOURCE DATA FOUND
- Source citation: Work cat.: (NUST): Idg Books, Netscape 2 simplified the 3-d visual approach to learning netscape 2, 1996
